|
|
|
|
| LEADER |
00000cam a2200000 7i4500 |
| 001 |
0000001978 |
| 005 |
20020722.0 |
| 020 |
0 |
0 |
|a 979319801X
|
| 090 |
0 |
0 |
|a 634.9562
|b PEN 2002
|
| 245 |
0 |
0 |
|a PENGELOLAAN benih pohon: sumber benih, pengumpulan dan penanganan benih :
|b pedoman lapang untuk petugas lapang dan petani
|c Mulawarman ... (et al.)
|
| 260 |
0 |
0 |
|a Bogor, Indonesia; Morrilton, Arkansas :
|b ICRAF; Winrock International ,
|c 2002
|
| 300 |
|
|
|a viii, 46 p. :
|b ill. ;
|c 25 cm.
|
| 650 |
0 |
0 |
|a Seedlings
|
| 700 |
0 |
1 |
|a Mulawarman
|
| 710 |
1 |
1 |
|a International Centre for Research in Agroforestry (ICRAF)
|
| 710 |
1 |
1 |
|a Winrock Internatonal
|
| 998 |
|
|
|a JPSM
|
| 999 |
|
|
|a 0000003299
|b Monograph
|c Open Shelf
|e Default branch
|